Porezni sustav u Slovačkoj
Daňová reforma a nový daňový systém v Slovenskej republike. Výhody "flat tax" systému.
Salvato in:
| Autore principale: | |
|---|---|
| Altri autori: | |
| Natura: | Capitolo di libro |
| Lingua: | croato |
| Soggetti: | |
| Tags: |
Nessun Tag, puoi essere il primo ad aggiungerne!!
|
MARC
| LEADER | 00000naa$a2200000$$$4500 | ||
|---|---|---|---|
| 001 | 0059246 | ||
| 005 | 20240502083141.5 | ||
| 041 | 0 | |a hrv | |
| 044 | |a HR | ||
| 245 | 1 | 0 | |a Porezni sustav u Slovačkoj |c Vladimír Surový, Alžbeta Foltínová |
| 520 | |a Daňová reforma a nový daňový systém v Slovenskej republike. Výhody "flat tax" systému. | ||
| 610 | 2 | 0 | |a dane z príjmov |
| 610 | 2 | 0 | |a dane rovné |
| 610 | 2 | 0 | |a dane z hodnoty pridanej |
| 610 | 2 | 0 | |a reformy daňové |
| 610 | 2 | 0 | |a systémy daňové |
| 610 | 2 | 0 | |a Slovensko |
| 610 | 2 | 0 | |a legislatíva |
| 100 | 1 | |a Surový, Vladimír | |
| 700 | 1 | |a Foltínová, Alžbeta | |